Burnley FC Squad 2025-2026 - Statistics

General Stats
  • This quiz has been taken 290 times
    61 since last reset
  • The average score is 20 of 34
Answer Stats
# Position Nation Player % Correct
1 GK Slovakia Martin Dúbravka
100%
27 FW Albania Armando Broja
88%
28 MF Tunisia Hannibal
88%
2 DF England Kyle Walker
88%
5 DF France Maxime Estève
85%
9 FW South Africa Lyle Foster
83%
7 FW Denmark Jacob Bruun Larsen
78%
8 MF France Lesley Ugochukwu
78%
6 DF DR Congo Axel Tuanzebe
73%
- Coach England Scott Parker
73%
25 FW Switzerland Zeki Amdouni
73%
11 FW England Jaidon Anthony
70%
3 DF Netherlands Quilindschy Hartman
70%
16 MF Portugal Florentino
68%
18 DF Sweden Hjalmar Ekdal
65%
24 MF Ireland Josh Cullen
65%
19 FW Netherlands Zian Flemming
65%
20 MF England James Ward-Prowse
58%
10 FW England Marcus Edwards
58%
13 GK Germany Max Weiß
58%
14 DF Wales Connor Roberts
55%
4 DF England Joe Worrall
55%
22 DF Peru Oliver Sonne
53%
12 DF England Bashir Humphreys
50%
29 MF England Josh Laurent
48%
23 DF Brazil Lucas Pires
48%
17 FW France Loum Tchaouna
43%
31 FW Belgium Mike Trésor
43%
36 DF Germany Jordan Beyer
40%
44 DF Haiti Hannes Delcroix
38%
35 FW England Ashley Barnes
28%
32 GK Czech Republic Václav Hladký
25%
34 FW Netherlands Jaydon Banel
18%
48 FW Belgium Enock Agyei
15%
No matching quizzes found
Score Distribution
Percent of People with Each Score
Percentile by Number Answered
Your Score History
You have not taken this quiz since the last reset